Loading...

Asutosh Mookerjee. /

Bibliographic Details
Main Author: Sinha, Sasadhar
Language:Undetermined
Published: 1970
LEADER 00359nam a2200121Ia 4500
001 2994
008 170722s9999 xx 000 0 und d
100 |a Sinha, Sasadhar 
245 |a Asutosh Mookerjee. / 
260 |c 1970 
942 |c GEN 
999 |c 6484  |d 6484 
952 |0 0  |1 0  |4 0  |6 W_2M642_L0GB  |7 0  |8 CR  |9 7392  |a LIB  |b LIB  |d 2013-03-25  |o w2,M642 L0(GB)  |p 144486  |r 2017-08-12  |w 2017-08-12  |y GEN